The art of paper marking / (Record no. 142371)

MARC details
000 -LEADER
fixed length control field 00540nam a22001817a 4500
005 - DATE AND TIME OF LATEST TRANSACTION
control field 20170707143850.0
010 ## - LCCN (DPL NO)
LC control number ENG-119145
020 ## - INTERNATIONAL STANDARD BOOK NUMBER
International Standard Book Number 9789389395310
Terms of availability 450.00
035 ## - SYSTEM CONTROL NUMBER
System control number EN-102677
037 ## - SOURCE OF ACQUISITION
Source of stock number/acquisition DBAD/PUB
082 ## - DEWEY DECIMAL CLASSIFICATION NUMBER
Classification number 676
100 ## - MAIN ENTRY--PERSONAL NAME
Personal name Sharma, H.C.
245 ## - TITLE STATEMENT
Title The art of paper marking /
Statement of responsibility, etc by H.C. Sharma
260 ## - PUBLICATION, DISTRIBUTION, ETC. (IMPRINT)
Place of publication, distribution, etc Allahbad
Name of publisher, distributor, etc Sampark Prakashan
Date of publication, distribution, etc 2016
270 ## - ADDRESS
Address 5/7, Upendra Nath Ashk Marg, Old Khusro Bagh Road
City Allahbad
Postal code 211001
300 ## - PHYSICAL DESCRIPTION
Extent v, 143p.
Dimensions 23cm(Hb)
Other physical details ill.
942 ## - ADDED ENTRY ELEMENTS (KOHA)
Source of classification or shelving scheme Dewey Decimal Classification
Item type English Books
Classification part 676
Call number suffix SHA
Holdings
Withdrawn status Lost status Not for loan Collection code Home library Current library Date acquired Source of acquisition Cost, normal purchase price Full call number Barcode Copy number Cost, replacement price Koha item type
      Non-fiction Central Jail Tihar Central Jail Tihar 07/07/2017 DBAD/PUB 450.00 676 SHA EN-102677 1 450.00 English Books

© Delhi Public Library
Hit Counter
free hit counter